000 00633nas a2200205 4500
001 BR9503968
003 BR-BrBNA
005 20231205094402.0
007 ta
008 230509b bl.|||p| |||| 00| 00por d
040 _aBR-BrBNA
_bpor
_cBiblioteca Nacional de Agricultura
041 _a(Pt)
072 _aE13
100 1 _aLopes, C.M.
245 1 _aCredito Rural e invoacoes financeiras: uma abordagem monetaria
650 _aCredito Rural
773 0 _tRevista Economica do Nordeste (Brazil)
_xISSN 0100-4956
_g(jul-Sep 1986), v. 17(3) p. 339-349
_wBR9503968
909 _a202311
_bLúcia
_c55
_dLúcia Elande
942 _2AGRIS
_n0
_cANA
999 _c143959
_d143959